000 00904nam a2200229 i 4500
001 156110
003 ES-MaACL
005 20230906210326.0
008 931025s1884 sp |||| | spa d
040 _aAS
_bspa
_cPAB
100 1 _aIsla, José Francisco de
_c(S.I.) (
_d1703-1781)
_9188048
245 1 0 _aCartas familiares y escogidas del padre José Francisco de Isla, escritas a su hermana Doña María Francisca de Isla y Losada y a su cuñado Don Nicolás de Ayala desde 1755 a 1781.
260 _aBarcelona :
_bDaniel Cortezo y C\pa\s,
_c1884.
300 _a297 p. ;
_c21 cm.
490 1 _aBiblioteca clásica española
600 1 4 _aIsla, José Francisco de-
_xCorrespondencia.
_9188049
700 1 1 _aCortezo, Daniel,
_eed.
_9126599
752 _aEspaña -
_dBarcelona
830 0 _aBiblioteca clásica española
_9182443
852 _aES-MaACL
_jB-749
_z-- Enc. tela
999 _c156110
_d156110